[Event "Revelion op"]
[Site "Romania"]
[Date "1999.??.??"]
[Round "?"]
[White "Ionita, Daniel"]
[Black "Harabagiu, Adalgiza"]
[Result "1-0"]
[WhiteElo "1705"]
[BlackElo "1710"]
[PlyCount "69"]
[EventDate "1999.??.??"]
[EventType "swiss"]
[EventRounds "7"]
[EventCountry "ROU"]
[SourceTitle "EXT 2004"]
[Source "ChessBase"]
[SourceDate "2003.11.25"]
[SourceVersion "1"]
[SourceVersionDate "2003.11.25"]
[SourceQuality "1"]

1. e4 d5 2. exd5 Nf6 3. d4 Nxd5 4. c4 Nb6 5. Nc3 g6 6. Be3 Bg7 7. Qd2 0-0 8. h4 Nc6 9. 0-0-0 e5 10. d5 Ne7 11. Bg5 Bf5 12. f3 h5 13. Nh3 Qd7 14. Nf2 Rad8 15. Be2 f6 16. Bh6 Qe8 17. g4 hxg4 18. fxg4 Bd7 19. h5 Qf7 20. Nfe4 Bxh6 21. Qxh6 Qh7 22. Qe3 g5 23. Rdf1 Qh6 24. Rf2 Kg7 25. Rhf1 Ng8 26. Ng3 c6 27. d6 Be6 28. c5 Nd5 29. Nxd5 cxd5 30. Qa3 a6 31. Qb3 Rd7 32. Bf3 Rc8 33. Re2 e4 34. Bxe4 Bxg4 35. Bf5 1-0